|
|
|
|
| LEADER |
01338nam a2200301 4500 |
| 001 |
41366 |
| 003 |
BD-DhAAL |
| 005 |
20230723113618.0 |
| 008 |
230723r2008 enk||||| |||| 00| 0 eng d |
| 020 |
|
|
|a 9780863040405
|
| 040 |
|
|
|a BD-DhAAL
|d BD-DhAAL
|
| 082 |
|
|
|a 398.22
|2 19
|
| 100 |
|
|
|a Shah, Idries.
|9 49434
|
| 245 |
|
|
|a The exploits of the incomparable Mulla Nasrudin,
|n Two volumes in one /
|c Idries Shah.
|
| 260 |
|
|
|a London,
|b Octagon Press :
|c ©1983 [Reprinted 2008].
|
| 300 |
|
|
|a 107, 102 pages ;
|c 22 cm.
|
| 362 |
|
|
|a 2 volumes in 1
|
| 500 |
|
|
|a "First published 1966. First impression in this edition 1985"--Title page verso
Two volumes in one
Second work on inverted pages.
|
| 505 |
|
|
|a The exploits of the incomparable Mulla Nasrudin
The subtleties of the inimitable Mulla Nasrudin
|
| 541 |
|
|
|a Donated by Akbar Ali Khan
|e 41366
|
| 650 |
|
|
|a Nasreddin Hoca (Legendary character)
|9 49435
|
| 650 |
|
|
|a Sufi wit and humor.
|9 55156
|
| 650 |
|
|
|a Sufism.
|
| 650 |
|
|
|a Tales.
|
| 852 |
|
|
|a Ayesha Abed Library
|c Akbar Ali Khan Collection
|
| 942 |
|
|
|2 ddc
|c BK
|
| 999 |
|
|
|c 46008
|d 46008
|
| 952 |
|
|
|0 0
|1 0
|2 ddc
|4 0
|6 398_220000000000000_SHA
|7 1
|9 74100
|a BRACUL
|b BRACUL
|c AAKC
|d 2023-07-23
|g 14357.44
|l 0
|o 398.22 SHA
|p 3010041366
|r 2023-07-23
|t 1
|v 14357.44
|w 2023-07-23
|y BK
|x price are not available in book (collected from amazon.com ₹10,852 )
|